Central Library, Doon University
WEBOPAC (ONLINE PUBLIC ACCESS CATALOGUE)

Environmental impact assessment (Record no. 60465)

MARC details
000 -LEADER
fixed length control field 00535nam a22001937a 4500
005 - DATE & TIME
control field 20260226114042.0
008 - FIXED-LENGTH DATA ELEMENTS--GENERAL INFORMATION
fixed length control field 260226b |||||||| |||| 00| 0 eng d
020 ## - ISBN
International Standard Book Number 9788171415540
Price 900.00
040 ## - CATALOGING SOURCE
Original cataloging agency Doon University
041 ## - Language
Language English
082 ## - DDC NUMBER
Classification number 333.71
Book Number ABB
100 ## - MAIN ENTRY--PERSONAL NAME
Personal name Abbasi, S.A.
245 ## - TITLE STATEMENT
Title Environmental impact assessment
Sub Title : Available Techniques Emerging Trends
260 ## - PUBLICATION, DISTRIBUTION, ETC. (IMPRINT)
Place of publication, distribution, etc New Delhi
Name of publisher, distributor, etc Deep And Deep
Date of publication, distribution, etc 2020
300 ## - PHYSICAL DESCRIPTION
Pages 161
650 ## - Subject
Subject Environment Science
700 ## - Added Entry Personal Name
Added Entry Personal Name Arya, D.S.
942 ## - ADDED ENTRY ELEMENTS (KOHA)
Koha item type Books
100 ## - MAIN ENTRY--PERSONAL NAME
-- 11911
650 ## - Subject
-- 310
700 ## - Added Entry Personal Name
-- 26420
952 ## - LOCATION AND ITEM INFORMATION (KOHA)
-- 2026-02-26
952 ## - LOCATION AND ITEM INFORMATION (KOHA)
-- 2026-02-26
952 ## - LOCATION AND ITEM INFORMATION (KOHA)
-- 2026-02-26
Holdings
Withdrawn status Lost status Source of classification or shelving scheme Damaged status Not for loan Location (home branch) Sublocation or collection (holding branch) Date acquired Koha full call number Accession No. Koha date last seen Koha item type Koha issues (times borrowed)
        Not For Loan Doon University Doon University 26.02.2026 333.71 ABB 53137 26.02.2026 Reference  
          Doon University Doon University 26.02.2026 333.71 ABB 53138 26.02.2026 Books  
          Doon University Doon University 26.02.2026 333.71 ABB 53139 26.02.2026 Books  
Contact : +91-135-2533126 (Library),+91-135-2533105 (Admin Office) , Email : doonlibrary@gmail.com

Powered by Koha